Regierungsbezirke des Königreichs Preußen im Jahr 1914 auf einer Karte - Statistiken

Allgemein
  • Dieses Quiz wurde 1.953 mal gespielt
  • Das Durchschnittsergebnis liegt bei 14 aus 37
Antworten auf der Karte
Die Antworten werden auf der Karte rot bzw. grün angezeigt, abhängig davon wie oft sie richtig erraten wurden.
 
Antwortstatistiken
Antwort % Korrekt
Berlin
92%
Schleswig
82%
Hannover
77%
Köln
77%
Danzig
73%
Königsberg
66%
Potsdam
62%
Aachen
60%
Düsseldorf
60%
Frankfurt an der Oder
58%
Münster
52%
Magdeburg
51%
Breslau
50%
Stettin
47%
Trier
42%
Kassel
41%
Erfurt
40%
Posen
40%
Osnabrück
38%
Koblenz
37%
Lüneburg
30%
Stralsund
30%
Wiesbaden
24%
Aurich
20%
Oppeln
19%
Sigmaringen
17%
Stade
17%
Arnsberg
16%
Allenstein
15%
Hildesheim
15%
Bromberg
13%
Minden
13%
Köslin
10%
Liegnitz
10%
Gumbinnen
9%
Marienwerder
7%
Merseburg
6%
Keine übereinstimmenden Quizze gefunden
Verteilung der Resultate
Anzahl Personen mit jedem Resultat
Perzentil nach korrekt beantworteten Fragen
Ihre Resultats-Entwicklung
Sie haben dieses Quiz noch nicht gespielt